Prosa de Gabriela Mistral: materias
Збережено в:
| Автор: | |
|---|---|
| Формат: | Книга |
| Мова: | Іспанська |
| Опубліковано: |
Santiago
Universitaria
1989
|
| Серія: | Colección los Contemporáneos
|
| Предмети: | |
| Теги: |
Додати тег
Немає тегів, Будьте першим, хто поставить тег для цього запису!
|
MARC
| LEADER | 00000nam a2200000 a 4500 | ||
|---|---|---|---|
| 001 | UCH7084 | ||
| 003 | CL-VaPUC | ||
| 005 | 20241016095656.0 | ||
| 008 | 091109e19890000CL |||||||||||||||||spa|d | ||
| 999 | |c 337815 |d 337813 | ||
| 020 | |a 9561104279 | ||
| 040 | |c Pontificia Universidad Católica de Valparaíso | ||
| 082 | 0 | 4 | |a Ch861 |b CAL |2 21 |
| 100 | 0 | |a Calderón, Alfonso |e author |9 543558 | |
| 245 | 1 | 0 | |a Prosa de Gabriela Mistral: materias |
| 260 | |a Santiago |b Universitaria |c 1989 | ||
| 300 | |a 200 p | ||
| 490 | 0 | |a Colección los Contemporáneos | |
| 583 | |a last modification |c 20091109 00:00:00 |k Rodrigo Vera | ||
| 600 | 0 | |a Mistral, Gabriela, |d 1889-1957 |e autora |q Godoy Alcayaga, Lucila |9 866296 | |
| 650 | 0 | |a Poesías chilenas |9 265280 | |
| 942 | |c BK |2 ddc | ||
| 945 | |d 20091109 00:00:00 |a lazolas | ||